Smallest Country In Each Continent - Statistics

General Stats
  • This quiz has been taken 69 times
  • The average score is 4 of 6
Answer Stats
Hint Answer % Correct
Europe Vatican City
84%
Africa Seychelles
75%
South America Suriname
65%
Australia And Oceania Nauru
62%
North America St Kitts And Nevis
56%
Asia Maldives
51%
No matching quizzes found
Score Distribution
Percent of People with Each Score
Percentile by Number Answered
Your Score History
You have not taken this quiz